000
00212 a2200097 4500
001
58710
090
_c
36032
_d
36032
245
_a
using microsoft office 2000 (with cd)
260
_a
new delhi
_b
phi
_c
1999
505
_a
CD/DVD
942
_a
NUST-CAE
999
_c
293783
_d
293783